| 000 | 00363nam a2200145Ia 4500 | ||
|---|---|---|---|
| 999 |
_c5763 _d5763 |
||
| 008 | 191201s2013 xx 000 0 und d | ||
| 020 | _a9788177220537 | ||
| 100 | _aHOLZNER,Steven | ||
| 245 | 0 | _aVisual basic 6 programming black book | |
| 250 | _aRep | ||
| 260 |
_aN. delhi _bDream tech press _c2013 |
||
| 300 | _a1095 | ||
| 650 | _aM.Tech(CSE) | ||
| 942 |
_2ddc _cBK |
||